Manual de pedagogía del dibujo / (Record no. 100505)

MARC details
000 -LEADER
campo de control de longitud fija 00558nam a2200193 i 4500
001 - NÚMERO DE CONTROL
campo de control 100505
003 - IDENTIFICADOR DE NÚMERO DE CONTROL
campo de control ES-MaACL
005 - FECHA Y HORA DE LA ÚLTIMA TRANSACCIÓN
campo de control 20250815120050.0
007 - CAMPO FIJO DE DESCRIPCIÓN FÍSICA--INFORMACIÓN GENERAL
campo de control de longitud fija t|
008 - DATOS DE LONGITUD FIJA--INFORMACIÓN GENERAL
campo de control de longitud fija 050929s1918 sp a |||| | spa d
100 1# - ENTRADA PRINCIPAL--NOMBRE DE PERSONA
Nombre de persona Masriera, Víctor,
Fechas asociadas al nombre 1875-1938
9 (RLIN) 78777
245 10 - MENCIÓN DEL TÍTULO
Título Manual de pedagogía del dibujo /
Mención de responsabilidad, etc. por Víctor Masriera.
250 ## - MENCION DE EDICION
Mención de edición 2ª ed.
260 ## - PUBLICACIÓN, DISTRIBUCIÓN, ETC.
Lugar de publicación, distribución, etc. Madrid :
Nombre del editor, distribuidor, etc. Sucs. Rivadeneyra,
Fecha de publicación, distribución, etc. 1918.
300 ## - DESCRIPCIÓN FÍSICA
Extensión 312 p. :
Otras características físicas il. ;
Dimensiones 20 cm.
650 04 - PUNTO DE ACCESO ADICIONAL DE MATERIA--TÉRMINO DE MATERIA
Término de materia o nombre geográfico como elemento de entrada Dibujo-
Subdivisión general Enseñanza
9 (RLIN) 11861
852 ## - LOCALIZACIÓN
Ubicación ES-MaACL
Número de control de estantería B-4018
Holdings
Estatus retirado Estado de pérdida Estado de daño No para préstamo Biblioteca de origen Biblioteca actual Ubicación en estantería Fecha de adquisición Fuente de adquisición Total de préstamos Signatura topográfica completa Código de barras Visto por última vez Precio de reemplazo Tipo de ítem Koha
        Biblioteca del Ateneo de Madrid Biblioteca del Ateneo de Madrid Sala Pardo Bazán 17/01/2008     B-4018 1104937 23/02/2023 23/02/2023 Libro impreso